Cristianismo y revolución /

Պահպանված է:
Մատենագիտական մանրամասներ
Հիմնական հեղինակ: Dewart, Leslie (autor)
Ձևաչափ: Գիրք
Լեզու:իսպաներեն
Հրապարակվել է: Barcelona, España : Herder, 1965
Խորագրեր:
Ցուցիչներ: Ավելացրեք ցուցիչ
Չկան պիտակներ, Եղեք առաջինը, ով նշում է այս գրառումը!

MARC

LEADER 00000nam^a2200000^a^4500
001 000007548
005 20250521000000.0
009 20260310083511.88
037 |a Acervo ITESO - Biblioteca 
041 |a ESP 
082 |a 322. 42  |b DEW 
100 |a Dewart, Leslie  |e (autor) 
245 1 0 |a Cristianismo y revolución /  |c L. Dewart ; tr. por Luis Santiago de Pablo. 
264 1 |a Barcelona, España :  |b Herder,  |c 1965 
300 |a 238 p. 
336 |a texto  |b txt  |2 rdacontenido 
337 |a sin mediación  |b n  |2 rdamedio 
338 |a volumen  |b nc  |2 rdasoporte 
500 |a Traducción de: Christianity and Revolution 
649 |a XX 
650 |a Política y Religión -  |z Latinoamérica 
650 |a Revolución -  |z Latinoamérica 
650 |a Iglesia y Problemas Sociales 
650 |a Iglesia Católica en Latinoamérica 
650 |a Política -  |z Latinoamérica 
910 |a Fondo General 
920 |a Impresos - Libros 
930 |a Colección General 
905 |a 101 
901 |a 0075480100  |b IT1  |c ACC  |i 007548  |u 20250521 
901 |a 0075480200  |b IT1  |c ACC  |i 905263  |u 20250521 
902 |a https://opac.biblio.iteso.mx/vufind/Record/000007548